000 00357nam a2200133Ia 4500
005 20260326100023.0
008 260326s9999||||xx |||||||||||||| ||und||
100 _aAlexander, Christopher
245 2 _aA New Theory of Urban Design /
_cChristopher Alexander
260 _bOxford University Press
300 _a251 p.
650 _aDISEÑO URBANO
942 _cBK
999 _c6290
_d6290